000
003350000a22001570004500
003
MACL
040
_a
MACL
090
_c
8676
_d
8675
100
_a
Pande, Govind Chandra
245
_a
Consciousness Value Culture
260
_b
Raka Prakashan
_c
2006
350
_a
595
650
_a
Philisophy
942
_c
BOOK
_k
100
951
_o
100 BOOK
999
_c
8622
_d
8622